Tercera memoria que contiene los trabajos hechos acerca del aprovechamiento de las aguas que discurren por las alcantarillas de Madrid / (Record no. 156528)

MARC details
000 -LEADER
campo de control de longitud fija 00909nam a22002055i 4500
001 - NÚMERO DE CONTROL
campo de control 156528
003 - IDENTIFICADOR DE NÚMERO DE CONTROL
campo de control ES-MaACL
005 - FECHA Y HORA DE LA ÚLTIMA TRANSACCIÓN
campo de control 20230906210431.0
008 - DATOS DE LONGITUD FIJA--INFORMACIÓN GENERAL
campo de control de longitud fija 940202s1877 sp |||| | spa d
040 ## - FUENTE DE CATALOGACIÓN
Centro catalogador/agencia de origen CAM
Lengua de catalogación spa
100 1# - ENTRADA PRINCIPAL--NOMBRE DE PERSONA
Nombre de persona Justo y Villanueva, Luis.
9 (RLIN) 128413
245 10 - MENCIÓN DEL TÍTULO
Título Tercera memoria que contiene los trabajos hechos acerca del aprovechamiento de las aguas que discurren por las alcantarillas de Madrid /
Mención de responsabilidad, etc. por Luis Justo y Villanueva.
260 ## - PUBLICACIÓN, DISTRIBUCIÓN, ETC.
Lugar de publicación, distribución, etc. Madrid :
Nombre del editor, distribuidor, etc. [s.n.],
Fecha de publicación, distribución, etc. 1877 (
Fabricante Est. Tip. de Eduardo Cuesta)
300 ## - DESCRIPCIÓN FÍSICA
Extensión 72 p. ;
Dimensiones 26 cm.
530 ## - NOTA DISPONIBLE DE FORMULARIO FÍSICO ADICIONAL
Nota de formato físico adicional disponible Disponible en formato digital.
650 #4 - PUNTO DE ACCESO ADICIONAL DE MATERIA--TÉRMINO DE MATERIA
Término de materia o nombre geográfico como elemento de entrada Alcantarillado-
Subdivisión geográfica Madrid.
9 (RLIN) 157007
650 #4 - PUNTO DE ACCESO ADICIONAL DE MATERIA--TÉRMINO DE MATERIA
Término de materia o nombre geográfico como elemento de entrada Agua-
Subdivisión general Reutilización-
Subdivisión geográfica Madrid.
9 (RLIN) 157008
852 ## - LOCALIZACIÓN
Ubicación ES-MaACL
Número de control de estantería T-828-F-7
Nota libre -- Enc. hol., conservando la enc. original
-- -- Enc. en un vol. facticio
856 ## - LOCALIZACIÓN Y ACCESO ELECTRÓNICOS
Identificador Uniforme de Recursos <a href="http://bdh-rd.bne.es/viewer.vm?id=0000077371&page=1 ">http://bdh-rd.bne.es/viewer.vm?id=0000077371&page=1 </a>
Nota pública Biblioteca Digital Hispánica
Holdings
Estatus retirado Estado de pérdida Estado de daño No para préstamo Colección Biblioteca de origen Biblioteca actual Ubicación en estantería Fecha de adquisición Total de préstamos Signatura topográfica completa Código de barras Visto por última vez Precio de reemplazo Tipo de ítem Koha
        Colección de folletos Biblioteca del Ateneo de Madrid Biblioteca del Ateneo de Madrid Depósito folletos 17/01/2008   T-828-F-7 1163764 23/02/2023 23/02/2023 Folleto